000 00618nam a2200181 i 4500
001 bg
245 0 _aHale unikatowe o dużych rozpiętościach :
_bstan obecny i perspektywy unifikacji w Polsce /
_c[red. nauk. Stefan Jasman].
260 _aWrocław :
_bWydaw. PW,
_c1974.
490 1 _aPrace Naukowe Instytutu Budownictwa Politechniki Wrocławskiej
500 _aStreszcz. ang. i ros.
504 _aBibliogr.
830 _aPrace Naukowe Instytutu Budownictwa Politechniki Wrocławskiej
040 _cBPK
041 _apol
080 _a725.8:624.074
942 _cKS
008 s pl f |000 0 pol
999 _c26111
_d26111
856 _uhttp://koha.tu.koszalin.pl/cgi-bin/koha/opac-detail.pl?biblionumber=26111
_yKatalog online BPK